| 000 | 00545nam a22001577a 4500 | ||
|---|---|---|---|
| 003 | macl | ||
| 005 | 20240102124706.0 | ||
| 008 | 240102b |||||||| |||| 00| 0 eng d | ||
| 040 | _cmacl | ||
| 082 | _a080 | ||
| 100 |
_aस्वामी विवेकानन्द _919896 |
||
| 245 | _aव्यक्तित्व का संपूर्ण विकास | ||
| 260 |
_aदिल्ली _bदीपक पब्लिकेशन _c2015 |
||
| 650 |
_aसामान्य वर्ग _936 |
||
| 942 |
_2ddc _cHIN |
||
| 999 |
_c66547 _d66547 |
||